World geography O - Statistics

General Stats
  • This quiz has been taken 97 times
  • The average score is 14 of 20
Answer Stats
Questions Answer % Correct
1) Capital of Canada Ottawa
98%
17) Capital of Norway Oslo
97%
5) Oldest university in England Oxford
97%
12) Arabic country to the south of Saudi Arabia Oman
95%
20) Series of games held every 2 years, bothsummer and winter with medals as prizes olympics
94%
9) Great lake and Canadian province Ontario
93%
7) Disney World is closest to this centralFlorida city Orlando
93%
3) 2nd biggest city in Japan Osaka
92%
8) Midwest state, tornado alley Oklahoma
89%
18) Large port city in southern Ukraine on theBlack Sea Odessa
79%
11) Major county in California that includesAnaheim and DisneyLand Orange
77%
10) Biggest city in Nebraska Omaha
68%
19) Capital of Washington state Olympia
66%
6) Capital of Burkina Faso Ouagadougou
57%
4) Southern Mexican state known forits cheese Oaxaca
49%
2) Major city in central Finland knownfor its tech and arts Oulu
38%
14) Largest freshwater lake in Florida Okeechobee
32%
15) Earliest known Mesoamerican civilizationin modern day Mexico Olmec
29%
13) 2nd biggest city in Kyrgyzstan Osh
28%
16) State in southeastern New Zealand, itscapital is Dunedin Otago
18%
No matching quizzes found
Score Distribution
Percent of People with Each Score
Percentile by Number Answered
Your Score History
You have not taken this quiz